[Event "ureki2015"]
[Site "?"]
[Date "2015.10.08"]
[Round "4.22"]
[White "Lomineishvili, Maia"]
[Black "Mikadze, Miranda"]
[Result "1-0"]
[LiveChessVersion "1.3.1"]
[BlackElo "2245"]
[WhiteElo "2369"]

1. d4 {[%clk 1:30:53]} d5 {[%clk 1:30:57]} 2. c4 {[%clk 1:31:15]} c6
{[%clk 1:31:26]} 3. Nc3 {[%clk 1:31:15]} Nf6 {[%clk 1:31:48]} 4. Nf3
{[%clk 1:31:19]} dxc4 {[%clk 1:31:08]} 5. a4 {[%clk 1:31:35]} Bf5
{[%clk 1:29:55]} 6. Ne5 {[%clk 1:31:30]} Nbd7 {[%clk 1:30:18]} 7. Nxc4
{[%clk 1:31:51]} Nb6 {[%clk 1:30:42]} 8. Ne5 {[%clk 1:32:13]} a5 {[%clk 1:31:09]}
9. f3 {[%clk 1:32:09]} Nfd7 {[%clk 1:31:09]} 10. Nxd7 Nxd7 {[%clk 1:29:01]} 11.
e4 {[%clk 1:32:36]} Bg6 {[%clk 1:29:25]} 12. Be2 {[%clk 1:32:45]} Qb6
{[%clk 1:26:39]} 13. f4 {[%clk 1:32:02]} e6 {[%clk 1:15:17]} 14. O-O
{[%clk 1:31:26]} f6 15. Kh1 Be7 {[%clk 1:11:03]} 16. d5 {[%clk 1:16:42]} e5
{[%clk 0:49:35]} 17. Bc4 {[%clk 1:00:26]} Rd8 {[%clk 0:38:09]} 18. Qe2
{[%clk 0:59:44]} exf4 {[%clk 0:30:25]} 19. Bxf4 {[%clk 0:59:28]} Ne5
{[%clk 0:30:38]} 20. Bxe5 {[%clk 0:59:28]} fxe5 {[%clk 0:31:18]} 21. dxc6
{[%clk 0:52:59]} bxc6 22. Nd5 {[%clk 0:46:41]} cxd5 {[%clk 0:07:39]} 23. Bb5+
{[%clk 0:46:57]} Rd7 {[%clk 0:08:07]} 24. Rac1 {[%clk 0:41:08]} d4
{[%clk 0:05:52]} 25. Rc8+ {[%clk 0:39:55]} Bd8 {[%clk 0:06:18]} 26. Qg4
{[%clk 0:37:48]} Qd6 {[%clk 0:06:43]} 27. Rc6 {[%clk 0:36:00]} Rf8
{[%clk 0:02:14]} 28. Rfc1 {[%clk 0:29:00]} Ke7 {[%clk 0:01:24]} 29. Rxd6
{[%clk 0:26:35]} Rxd6 {[%clk 0:01:52]} 30. Qg5+ {[%clk 0:26:56]} Rff6
{[%clk 0:00:55]} 31. Qxe5+ {[%clk 0:24:51]} Kf8 {[%clk 0:01:15]} 32. Bd3
{[%clk 0:20:21]} Rfe6 {[%clk 0:01:20]} 33. Qc5 {[%clk 0:20:23]} Bb6
{[%clk 0:00:48]} 34. Qc8+ {[%clk 0:20:20]} Ke7 {[%clk 0:01:01]} 35. Qg8
{[%clk 0:16:53]} Bxe4 {[%clk 0:00:37]} 36. Qxg7+ {[%clk 0:17:10]} Kd8
{[%clk 0:00:40]} 37. Qf8+ {[%clk 0:09:50]} Kd7 {[%clk 0:00:59]} 38. Bxe4
{[%clk 0:09:49]} Rxe4 {[%clk 0:01:12]} 39. Qc8+ {[%clk 0:10:16]} Ke7
{[%clk 0:01:25]} 40. Qb7+ {[%clk 0:40:44]} Kf6 {[%clk 0:31:06]} 41. Qxe4
{[%clk 0:41:09]} 1-0

[Event "ureki2015"]
[Site "?"]
[Date "2015.10.08"]
[Round "4.23"]
[White "Sibashvili, Giorgi"]
[Black "Chigaev, Maksim"]
[Result "1/2-1/2"]
[LiveChessVersion "1.3.1"]
[BlackElo "2521"]
[WhiteElo "2367"]

1. d4 {[%clk 1:30:57]} Nf6 {[%clk 1:30:54]} 2. c4 {[%clk 1:31:05]} e6
{[%clk 1:31:18]} 3. Nc3 {[%clk 1:29:48]} Bb4 {[%clk 1:31:30]} 4. e3
{[%clk 1:28:56]} Ne4 {[%clk 1:31:26]} 5. Qc2 {[%clk 1:24:49]} Nxc3 6. bxc3
{[%clk 1:25:13]} Ba5 {[%clk 1:32:11]} 7. c5 {[%clk 1:18:08]} b6 {[%clk 1:29:18]}
8. Ba3 {[%clk 1:17:19]} Bb7 {[%clk 1:26:00]} 9. Nf3 {[%clk 1:17:08]} bxc5
{[%clk 1:22:55]} 10. Bxc5 {[%clk 1:15:38]} d6 11. Qa4+ {[%clk 1:02:42]} Nd7
{[%clk 1:18:14]} 12. Qxa5 {[%clk 1:00:35]} dxc5 {[%clk 1:18:19]} 13. Bb5
{[%clk 0:50:38]} c6 {[%clk 1:13:16]} 14. Qxd8+ {[%clk 0:50:35]} Rxd8
{[%clk 1:11:53]} 15. Be2 {[%clk 0:43:41]} cxd4 {[%clk 1:12:02]} 16. Rb1
{[%clk 0:42:20]} Rb8 {[%clk 1:11:31]} 17. cxd4 {[%clk 0:42:03]} Ke7
{[%clk 1:10:57]} 18. O-O {[%clk 0:38:03]} c5 {[%clk 1:10:28]} 19. dxc5
{[%clk 0:36:25]} Be4 {[%clk 1:05:19]} 20. Rb5 {[%clk 0:30:38]} Rxb5
{[%clk 1:02:40]} 21. Bxb5 {[%clk 0:31:06]} Nxc5 {[%clk 1:01:22]} 22. Rc1
{[%clk 0:29:05]} Bxf3 23. Rxc5 {[%clk 0:12:48]} Kd6 {[%clk 0:59:20]} 24. Rc3
{[%clk 0:12:47]} Bd5 {[%clk 0:58:41]} 25. a4 {[%clk 0:12:25]} Rb8
{[%clk 0:58:46]} 26. f3 {[%clk 0:12:23]} f5 {[%clk 0:56:23]} 27. Kf2
{[%clk 0:10:28]} Rb6 {[%clk 0:55:33]} 28. Rc8 {[%clk 0:09:19]} Bc6
{[%clk 0:49:38]} 29. Bxc6 {[%clk 0:05:40]} Rxc6 {[%clk 0:50:02]} 30. Rg8
{[%clk 0:02:50]} g6 {[%clk 0:49:45]} 31. Rh8 {[%clk 0:02:15]} Rc7
{[%clk 0:49:20]} 32. Kg3 {[%clk 0:02:09]} Ke5 {[%clk 0:48:43]} 1/2-1/2

[Event "ureki2015"]
[Site "?"]
[Date "2015.10.08"]
[Round "4.24"]
[White "Osmak, Iulija"]
[Black "Kuchava, Ana"]
[Result "1-0"]
[LiveChessVersion "1.3.1"]
[BlackElo "2095"]
[WhiteElo "2347"]

1. e4 {[%clk 1:30:57]} c5 {[%clk 1:30:55]} 2. Nf3 {[%clk 1:31:23]} d6
{[%clk 1:31:18]} 3. d4 {[%clk 1:31:50]} cxd4 {[%clk 1:31:44]} 4. Nxd4
{[%clk 1:32:17]} Nf6 {[%clk 1:32:09]} 5. Nc3 {[%clk 1:32:44]} Nc6
{[%clk 1:32:35]} 6. f3 {[%clk 1:33:09]} e5 {[%clk 1:30:16]} 7. Nb3
{[%clk 1:33:22]} Be7 {[%clk 1:28:54]} 8. Be3 {[%clk 1:33:37]} Be6
{[%clk 1:28:34]} 9. Nd5 {[%clk 1:33:27]} O-O {[%clk 1:26:04]} 10. Qd2
{[%clk 1:30:41]} Bxd5 {[%clk 1:18:22]} 11. exd5 {[%clk 1:31:05]} Nb8
{[%clk 1:18:46]} 12. c4 {[%clk 1:26:47]} Nfd7 13. Be2 {[%clk 1:20:56]} h6
{[%clk 1:00:59]} 14. O-O {[%clk 1:10:57]} Bg5 {[%clk 0:58:29]} 15. f4
{[%clk 1:08:36]} exf4 {[%clk 0:55:59]} 16. Bxf4 {[%clk 1:07:22]} Qb6+
{[%clk 0:42:23]} 17. Kh1 {[%clk 1:03:46]} Bxf4 {[%clk 0:41:45]} 18. Rxf4
{[%clk 1:02:16]} Ne5 {[%clk 0:40:18]} 19. Nd4 {[%clk 1:01:18]} Ng6
{[%clk 0:38:03]} 20. Rf3 {[%clk 1:00:56]} Nd7 {[%clk 0:37:56]} 21. Nf5
{[%clk 1:00:51]} Nde5 {[%clk 0:32:36]} 22. Rh3 {[%clk 0:59:21]} Rfe8
{[%clk 0:29:19]} 23. Rf1 Rac8 24. Nxg7 {[%clk 0:48:00]} Kxg7 {[%clk 0:25:36]} 25.
Qxh6+ {[%clk 0:48:26]} Kg8 {[%clk 0:26:02]} 26. Bd3 {[%clk 0:48:11]} Re7
{[%clk 0:11:10]} 27. Bxg6 {[%clk 0:45:35]} Nxg6 {[%clk 0:11:29]} 28. Qh7+
{[%clk 0:45:49]} Kf8 {[%clk 0:11:58]} 29. Qxg6 {[%clk 0:46:07]} Qxb2
{[%clk 0:11:28]} 30. Rhf3 {[%clk 0:43:25]} Qg7 {[%clk 0:08:44]} 31. Qxd6
{[%clk 0:43:45]} Ke8 {[%clk 0:09:05]} 32. Rg3 {[%clk 0:42:55]} Qh7
{[%clk 0:09:08]} 33. Qf4 {[%clk 0:41:07]} Re4 {[%clk 0:07:22]} 34. Qf6
{[%clk 0:39:43]} Rh4 {[%clk 0:04:07]} 35. Re3+ {[%clk 0:39:32]} Re4
{[%clk 0:02:48]} 36. Rxe4+ {[%clk 0:39:52]} Qxe4 {[%clk 0:03:17]} 37. Qxf7+
{[%clk 0:39:46]} Kd8 {[%clk 0:03:46]} 38. Qg8+ {[%clk 0:37:30]} Kc7
{[%clk 0:03:41]} 39. Qg3+ {[%clk 0:37:56]} Kb6 {[%clk 0:03:37]} 40. Qd6+
{[%clk 1:08:19]} Ka5 {[%clk 0:33:59]} 41. Qa3+ {[%clk 1:08:44]} Kb6
{[%clk 0:34:15]} 42. Qb4+ {[%clk 1:09:07]} Kc7 {[%clk 0:34:28]} 43. Rf7+
{[%clk 1:09:33]} 1-0

[Event "ureki2015"]
[Site "?"]
[Date "2015.10.09"]
[Round "5.1"]
[White "Bernadskiy, Vitaliy"]
[Black "Jobava, Baadur"]
[Result "1/2-1/2"]
[LiveChessVersion "1.3.1"]
[BlackElo "2683"]
[WhiteElo "2544"]

1. e4 {[%clk 1:30:57]} c6 {[%clk 1:29:30]} 2. d4 {[%clk 1:30:47]} d5
{[%clk 1:29:54]} 3. Nc3 {[%clk 1:30:39]} dxe4 {[%clk 1:28:29]} 4. Nxe4
{[%clk 1:31:03]} Bf5 {[%clk 1:28:34]} 5. Ng3 {[%clk 1:31:19]} Bg6
{[%clk 1:28:59]} 6. h4 {[%clk 1:31:03]} h6 {[%clk 1:29:13]} 7. Nf3
{[%clk 1:31:04]} Nd7 {[%clk 1:25:47]} 8. h5 {[%clk 1:31:06]} Bh7 {[%clk 1:26:11]}
9. Bd3 {[%clk 1:31:16]} Bxd3 {[%clk 1:26:33]} 10. Qxd3 {[%clk 1:31:40]} e6
{[%clk 1:26:40]} 11. Bf4 {[%clk 1:29:16]} Ngf6 {[%clk 1:26:35]} 12. O-O-O
{[%clk 1:28:19]} Be7 {[%clk 1:25:54]} 13. Ne5 {[%clk 1:24:51]} O-O
{[%clk 1:22:15]} 14. c4 {[%clk 1:22:50]} c5 {[%clk 1:20:52]} 15. d5
{[%clk 1:15:10]} Bd6 {[%clk 1:14:36]} 16. Ng6 {[%clk 1:06:25]} Bxf4+
{[%clk 1:13:45]} 17. Nxf4 {[%clk 1:06:45]} Qc7 {[%clk 1:10:21]} 18. Qe3
{[%clk 1:01:31]} Nb6 {[%clk 1:07:11]} 19. b3 {[%clk 0:59:18]} exd5
{[%clk 1:03:59]} 20. Nf5 {[%clk 0:55:34]} Ne4 {[%clk 1:01:07]} 21. Nxd5
{[%clk 0:54:06]} Nxd5 {[%clk 0:59:46]} 22. Rxd5 {[%clk 0:53:04]} Rfe8
{[%clk 0:59:25]} 23. Rh4 {[%clk 0:47:48]} Ng5 {[%clk 0:56:06]} 24. Rxc5
{[%clk 0:44:11]} Rxe3 {[%clk 0:54:48]} 25. Rxc7 {[%clk 0:44:31]} Re2
{[%clk 0:55:02]} 26. f4 {[%clk 0:43:48]} Ne4 {[%clk 0:54:20]} 27. Rg4
{[%clk 0:43:01]} Rd8 {[%clk 0:53:54]} 28. Rxg7+ {[%clk 0:41:52]} Kh8
{[%clk 0:54:22]} 29. Rcxf7 {[%clk 0:41:51]} Rd1+ {[%clk 0:54:49]} 30. Kxd1
{[%clk 0:42:14]} Nc3+ {[%clk 0:55:18]} 31. Kc1 {[%clk 0:42:28]} Nxa2+
{[%clk 0:55:46]} 32. Kd1 {[%clk 0:42:50]} Nc3+ {[%clk 0:56:13]} 33. Kc1
{[%clk 0:43:07]} Na2+ {[%clk 0:55:57]} 1/2-1/2

[Event "ureki2015"]
[Site "?"]
[Date "2015.10.09"]
[Round "5.2"]
[White "Pantsulaia, Levan"]
[Black "Sivuk, Vitaly"]
[Result "0-1"]
[LiveChessVersion "1.3.1"]
[BlackElo "2490"]
[WhiteElo "2572"]

1. Nf3 {[%clk 1:28:52]} d5 {[%clk 1:30:46]} 2. g3 {[%clk 1:29:14]} g6
{[%clk 1:31:05]} 3. Bg2 {[%clk 1:28:28]} Bg7 {[%clk 1:31:24]} 4. O-O
{[%clk 1:28:50]} e5 {[%clk 1:31:39]} 5. d3 {[%clk 1:29:13]} Ne7 {[%clk 1:31:49]}
6. e4 {[%clk 1:29:08]} O-O {[%clk 1:30:46]} 7. c3 {[%clk 1:27:13]} Nbc6
{[%clk 1:28:51]} 8. b4 {[%clk 1:26:50]} dxe4 {[%clk 1:26:41]} 9. dxe4
{[%clk 1:27:13]} Qxd1 {[%clk 1:26:59]} 10. Rxd1 {[%clk 1:27:38]} Be6
{[%clk 1:26:14]} 11. Be3 {[%clk 1:17:54]} f6 {[%clk 1:25:05]} 12. Nbd2
{[%clk 1:17:27]} Nc8 {[%clk 1:23:58]} 13. Bf1 {[%clk 1:09:46]} Nd6
{[%clk 1:22:46]} 14. a3 {[%clk 1:10:11]} Rfd8 {[%clk 1:15:04]} 15. c4
{[%clk 1:00:47]} Bg4 {[%clk 1:08:44]} 16. Kg2 {[%clk 0:48:08]} f5
{[%clk 1:07:54]} 17. c5 {[%clk 0:48:12]} Nxe4 {[%clk 1:01:25]} 18. Bc4+
{[%clk 0:41:30]} Kf8 {[%clk 1:00:22]} 19. Nb3 {[%clk 0:41:43]} Bxf3+
{[%clk 0:49:23]} 20. Kxf3 {[%clk 0:42:08]} Nc3 {[%clk 0:49:10]} 21. Rxd8+
{[%clk 0:39:09]} Rxd8 {[%clk 0:49:22]} 22. Rc1 {[%clk 0:38:43]} e4+
{[%clk 0:39:44]} 23. Kg2 {[%clk 0:39:12]} a6 {[%clk 0:40:00]} 24. Na5
{[%clk 0:33:33]} Nxa5 {[%clk 0:36:38]} 25. bxa5 {[%clk 0:33:57]} c6
{[%clk 0:33:37]} 26. Bg5 {[%clk 0:34:22]} Re8 {[%clk 0:20:04]} 27. Bd2
{[%clk 0:34:35]} Nb5 {[%clk 0:19:05]} 28. a4 {[%clk 0:34:27]} Nd4
{[%clk 0:17:39]} 29. Rb1 {[%clk 0:32:56]} Re7 {[%clk 0:16:43]} 30. Bf4
{[%clk 0:22:58]} Be5 {[%clk 0:15:49]} 31. Bh6+ {[%clk 0:23:21]} Ke8
{[%clk 0:15:30]} 32. h4 {[%clk 0:23:36]} Bf6 {[%clk 0:11:12]} 33. Bg8
{[%clk 0:21:58]} Nf3 {[%clk 0:10:41]} 34. Rc1 {[%clk 0:11:47]} Bb2
{[%clk 0:10:33]} 35. Rc4 {[%clk 0:10:59]} Bg7 {[%clk 0:08:46]} 36. Bxh7
{[%clk 0:06:17]} Ne5 {[%clk 0:08:25]} 0-1

[Event "ureki2015"]
[Site "?"]
[Date "2015.10.09"]
[Round "5.3"]
[White "Popov, Valerij"]
[Black "Azaladze, Shota"]
[Result "1/2-1/2"]
[LiveChessVersion "1.3.1"]
[BlackElo "2475"]
[WhiteElo "2525"]

1. d4 {[%clk 1:30:57]} g6 {[%clk 1:27:02]} 2. c4 {[%clk 1:30:56]} Bg7
{[%clk 1:27:30]} 3. Nf3 {[%clk 1:31:14]} Nf6 {[%clk 1:27:46]} 4. Nc3
{[%clk 1:31:36]} c5 {[%clk 1:25:20]} 5. e4 {[%clk 1:29:11]} cxd4 {[%clk 1:20:27]}
6. Nxd4 {[%clk 1:29:38]} Nc6 {[%clk 1:19:25]} 7. Be3 {[%clk 1:29:34]} O-O
{[%clk 1:15:30]} 8. Be2 {[%clk 1:29:49]} d6 {[%clk 1:15:52]} 9. O-O
{[%clk 1:30:10]} Bd7 {[%clk 1:16:15]} 10. Qd2 {[%clk 1:27:56]} Nxd4
{[%clk 1:14:34]} 11. Bxd4 {[%clk 1:28:18]} Bc6 {[%clk 1:14:59]} 12. f3
{[%clk 1:28:35]} a5 {[%clk 1:15:07]} 13. b3 {[%clk 1:25:53]} Nd7 {[%clk 1:11:34]}
14. Be3 {[%clk 1:25:20]} Nc5 {[%clk 1:10:30]} 15. Rab1 {[%clk 1:17:58]} Be5
{[%clk 1:02:29]} 16. Bg5 {[%clk 0:49:43]} Re8 {[%clk 0:56:21]} 17. Kh1
{[%clk 0:44:53]} Qb6 {[%clk 0:53:59]} 18. Rfd1 {[%clk 0:38:38]} Qb4
{[%clk 0:45:55]} 19. Nd5 {[%clk 0:38:23]} Qxd2 {[%clk 0:43:46]} 20. Rxd2
{[%clk 0:33:19]} Bxd5 {[%clk 0:43:38]} 21. cxd5 {[%clk 0:28:24]} Rec8
{[%clk 0:25:42]} 22. g3 {[%clk 0:07:24]} Bf6 {[%clk 0:26:08]} 23. Bxf6
{[%clk 0:07:24]} exf6 {[%clk 0:26:08]} 24. Rc1 {[%clk 0:07:24]} Nd7
{[%clk 0:18:46]} 25. Rdc2 {[%clk 0:07:41]} Rxc2 {[%clk 0:19:09]} 26. Rxc2
{[%clk 0:08:08]} Nc5 {[%clk 0:19:32]} 27. Bb5 {[%clk 0:07:02]} Kf8
{[%clk 0:18:24]} 28. Kg2 {[%clk 0:07:13]} Ke7 {[%clk 0:18:06]} 29. Kf2
{[%clk 0:06:12]} Rc8 {[%clk 0:17:03]} 30. Ke3 {[%clk 0:06:30]} Kd8
{[%clk 0:17:25]} 31. h4 {[%clk 0:04:28]} Kc7 {[%clk 0:17:35]} 32. h5
{[%clk 0:03:39]} Kb6 {[%clk 0:16:47]} 33. Bc4 {[%clk 0:03:04]} Re8
{[%clk 0:16:26]} 34. Rh2 {[%clk 0:03:18]} f5 {[%clk 0:16:40]} 35. hxg6
{[%clk 0:03:47]} hxg6 {[%clk 0:17:03]} 36. Rh7 {[%clk 0:04:11]} Re7
{[%clk 0:15:38]} 37. Bd3 {[%clk 0:04:34]} fxe4 {[%clk 0:15:56]} 38. fxe4
{[%clk 0:04:33]} Nd7 {[%clk 0:08:23]} 39. Kd4 {[%clk 0:04:21]} Nf6
{[%clk 0:08:37]} 40. Rh8 {[%clk 0:33:41]} Nh5 {[%clk 0:38:36]} 41. Rd8
{[%clk 0:26:04]} Kc7 {[%clk 0:34:06]} 42. Ra8 {[%clk 0:26:32]} Nxg3
{[%clk 0:29:43]} 43. Rxa5 {[%clk 0:26:51]} f5 {[%clk 0:29:48]} 44. exf5
{[%clk 0:27:18]} Nxf5+ {[%clk 0:27:41]} 45. Bxf5 {[%clk 0:25:15]} gxf5
{[%clk 0:28:05]} 46. Ke4 1/2-1/2

[Event "ureki2015"]
[Site "?"]
[Date "2015.10.09"]
[Round "5.4"]
[White "Gvetadze, Sofio"]
[Black "Lomineishvili, Maia"]
[Result "1/2-1/2"]
[LiveChessVersion "1.3.1"]
[BlackElo "2369"]
[WhiteElo "2314"]

1. e4 {[%clk 1:30:57]} c5 {[%clk 1:30:37]} 2. Nf3 {[%clk 1:31:18]} d6
{[%clk 1:31:01]} 3. c3 {[%clk 1:31:23]} Nf6 {[%clk 1:31:16]} 4. Be2
{[%clk 1:31:45]} g6 {[%clk 1:31:17]} 5. O-O {[%clk 1:32:05]} Bg7 {[%clk 1:31:41]}
6. Re1 {[%clk 1:32:24]} O-O {[%clk 1:31:49]} 7. Bf1 {[%clk 1:32:42]} Nc6
{[%clk 1:29:10]} 8. h3 {[%clk 1:32:17]} e5 {[%clk 1:29:29]} 9. d3
{[%clk 1:28:55]} h6 {[%clk 1:29:25]} 10. Be3 {[%clk 1:26:28]} Be6
{[%clk 1:29:19]} 11. Na3 {[%clk 1:24:17]} b6 {[%clk 1:24:17]} 12. d4
{[%clk 1:18:23]} exd4 {[%clk 1:23:57]} 13. cxd4 {[%clk 1:18:48]} d5
{[%clk 1:22:18]} 14. Bb5 {[%clk 1:09:12]} cxd4 {[%clk 0:59:01]} 15. exd5
{[%clk 0:58:41]} Bxd5 {[%clk 0:55:15]} 16. Nxd4 {[%clk 0:57:20]} Nxd4
{[%clk 0:55:27]} 17. Bxd4 {[%clk 0:45:44]} Bb7 18. Bf1 {[%clk 0:39:23]} Re8
{[%clk 0:44:19]} 19. Qa4 Bc6 {[%clk 0:32:57]} 20. Rxe8+ {[%clk 0:37:37]} Qxe8
{[%clk 0:31:00]} 21. Bb5 {[%clk 0:32:42]} Bxb5 {[%clk 0:31:17]} 22. Qxb5 Qe4
{[%clk 0:27:24]} 23. Bc3 {[%clk 0:32:31]} Nd5 {[%clk 0:26:04]} 24. Bxg7 Nf4 25.
Qf1 {[%clk 0:08:05]} Kxg7 {[%clk 0:25:51]} 26. Re1 {[%clk 0:07:14]} Qd4
{[%clk 0:20:20]} 27. Nc4 {[%clk 0:01:13]} b5 {[%clk 0:17:01]} 28. Ne3
{[%clk 0:01:31]} Qxb2 {[%clk 0:16:44]} 29. Rb1 {[%clk 0:01:49]} Qxa2
{[%clk 0:16:56]} 30. Qxb5 {[%clk 0:02:07]} Re8 {[%clk 0:07:22]} 31. Rb4
{[%clk 0:00:46]} Rxe3 {[%clk 0:05:17]} 32. Rxf4 {[%clk 0:01:12]} Qa1+
{[%clk 0:04:46]} 33. Kh2 {[%clk 0:01:40]} Qe5 {[%clk 0:04:57]} 34. Qxe5+
{[%clk 0:00:50]} Rxe5 {[%clk 0:05:24]} 35. Rb4 {[%clk 0:01:16]} a5
{[%clk 0:04:24]} 36. Rb7 {[%clk 0:01:42]} Re2 {[%clk 0:04:37]} 37. Kg3
{[%clk 0:01:52]} a4 {[%clk 0:04:46]} 38. Ra7 {[%clk 0:02:18]} Ra2
{[%clk 0:05:13]} 39. h4 {[%clk 0:02:27]} Kf6 {[%clk 0:04:48]} 40. Kf3
{[%clk 0:31:30]} h5 {[%clk 0:34:08]} 41. Ke3 {[%clk 0:30:44]} Ke6
{[%clk 0:32:08]} 42. g3 {[%clk 0:30:17]} Ra1 {[%clk 0:30:57]} 43. Kf4
{[%clk 0:29:07]} Ra2 {[%clk 0:28:43]} 44. Kf3 {[%clk 0:29:24]} a3
{[%clk 0:28:49]} 45. Kg2 {[%clk 0:29:25]} Kd5 {[%clk 0:26:29]} 46. Rxf7
{[%clk 0:20:29]} Rc2 {[%clk 0:26:39]} 47. Ra7 {[%clk 0:19:52]} a2
{[%clk 0:27:03]} 48. Kf3 {[%clk 0:16:49]} Kc4 {[%clk 0:26:58]} 49. Kf4
{[%clk 0:15:12]} Kb4 {[%clk 0:25:03]} 50. Rb7+ {[%clk 0:13:54]} Ka5
{[%clk 0:20:34]} 51. Ra7+ {[%clk 0:10:24]} Kb5 {[%clk 0:16:22]} 52. Kg5
{[%clk 0:09:51]} Kb6 {[%clk 0:15:52]} 53. Ra3 {[%clk 0:09:39]} Rc5+
{[%clk 0:15:53]} 54. Kxg6 {[%clk 0:10:01]} Ra5 {[%clk 0:16:20]} 55. Rxa2
{[%clk 0:10:11]} Rxa2 {[%clk 0:16:46]} 56. Kxh5 {[%clk 0:08:47]} Rxf2
{[%clk 0:17:07]} 57. Kg6 {[%clk 0:05:00]} Kc6 {[%clk 0:08:48]} 58. h5
{[%clk 0:05:14]} Rg2 {[%clk 0:08:04]} 59. h6 {[%clk 0:05:27]} Rxg3+
{[%clk 0:08:30]} 60. Kf7 {[%clk 0:05:33]} 1/2-1/2

[Event "ureki2015"]
[Site "?"]
[Date "2015.10.09"]
[Round "5.5"]
[White "Chigaev, Maksim"]
[Black "Beradze, Irakli"]
[Result "1/2-1/2"]
[LiveChessVersion "1.3.1"]
[BlackElo "2416"]
[WhiteElo "2521"]

1. e4 {[%clk 1:30:56]} c5 {[%clk 1:27:31]} 2. Nf3 {[%clk 1:31:18]} d6
{[%clk 1:27:58]} 3. d4 cxd4 {[%clk 1:28:24]} 4. Qxd4 {[%clk 1:32:07]} a6
{[%clk 1:23:16]} 5. h3 {[%clk 1:32:06]} Nc6 {[%clk 1:23:28]} 6. Qe3
{[%clk 1:32:30]} g6 {[%clk 1:22:39]} 7. Be2 {[%clk 1:32:51]} Bg7 {[%clk 1:23:07]}
8. O-O {[%clk 1:33:11]} Nf6 {[%clk 1:22:00]} 9. c4 {[%clk 1:33:33]} O-O
{[%clk 1:22:28]} 10. Nc3 {[%clk 1:33:55]} Nd7 {[%clk 1:22:31]} 11. Rd1
{[%clk 1:33:39]} Qa5 {[%clk 1:22:59]} 12. Bd2 {[%clk 1:33:30]} Qc5
{[%clk 1:23:19]} 13. Rac1 {[%clk 1:33:43]} Qxe3 {[%clk 1:15:11]} 14. Bxe3
{[%clk 1:34:04]} Nc5 {[%clk 1:15:39]} 15. Nd4 {[%clk 1:34:08]} Be6
{[%clk 1:04:03]} 16. b3 {[%clk 1:32:14]} Nxd4 {[%clk 0:53:35]} 17. Bxd4
{[%clk 1:32:37]} a5 {[%clk 0:54:03]} 18. Bf1 {[%clk 1:32:22]} Rfd8
{[%clk 0:47:02]} 19. f3 {[%clk 1:25:00]} Bxd4+ {[%clk 0:44:11]} 20. Rxd4
{[%clk 1:25:22]} Kf8 {[%clk 0:40:47]} 21. Kf2 {[%clk 1:25:43]} Bd7
{[%clk 0:38:34]} 22. h4 h5 23. g3 {[%clk 1:24:40]} Bc6 {[%clk 0:37:37]} 24. Rcd1
{[%clk 1:24:32]} b6 {[%clk 0:37:20]} 25. Ke3 Nb7 {[%clk 0:32:59]} 26. Nd5
{[%clk 1:24:14]} e5 {[%clk 0:26:18]} 27. R4d2 {[%clk 1:24:30]} Bxd5
{[%clk 0:26:38]} 28. cxd5 {[%clk 1:24:38]} Rdc8 {[%clk 0:25:35]} 29. Rf2
{[%clk 1:13:34]} Rc5 {[%clk 0:17:36]} 30. Bd3 {[%clk 1:11:50]} Rac8
{[%clk 0:15:07]} 31. Rdf1 {[%clk 1:09:18]} Rc1 {[%clk 0:13:58]} 32. Rxc1
{[%clk 1:08:34]} Rxc1 {[%clk 0:14:24]} 33. Rf1 {[%clk 1:08:56]} Rc7
{[%clk 0:13:01]} 34. Rb1 {[%clk 1:08:28]} Ke7 {[%clk 0:12:32]} 35. a3
{[%clk 1:08:20]} Nc5 {[%clk 0:09:50]} 36. Bb5 {[%clk 1:07:11]} Ra7
{[%clk 0:07:01]} 37. g4 {[%clk 0:56:42]} hxg4 {[%clk 0:02:46]} 38. fxg4
{[%clk 0:57:06]} Kf6 {[%clk 0:01:14]} 39. h5 {[%clk 0:49:03]} Kg5
{[%clk 0:00:47]} 40. Be2 {[%clk 1:17:31]} Ra8 {[%clk 0:30:38]} 41. a4
{[%clk 1:13:49]} f6 {[%clk 0:26:06]} 42. Bd1 {[%clk 1:13:13]} Ra7
{[%clk 0:17:38]} 43. Rb2 {[%clk 1:12:26]} Rc7 {[%clk 0:11:48]} 44. Rc2
{[%clk 1:11:55]} Rb7 {[%clk 0:09:24]} 45. Be2 {[%clk 1:10:05]} Rg7
{[%clk 0:05:37]} 46. Rc4 {[%clk 1:10:03]} 1/2-1/2

[Event "ureki2015"]
[Site "?"]
[Date "2015.10.09"]
[Round "5.6"]
[White "Khomeriki, Nino"]
[Black "Osmak, Iulija"]
[Result "0-1"]
[LiveChessVersion "1.3.1"]
[BlackElo "2347"]
[WhiteElo "2295"]

1. Nf3 {[%clk 1:28:56]} d5 {[%clk 1:30:55]} 2. g3 {[%clk 1:29:13]} Nc6
{[%clk 1:31:14]} 3. d4 {[%clk 1:23:01]} Bg4 {[%clk 1:31:32]} 4. Bg2
{[%clk 1:23:03]} Qd7 {[%clk 1:31:56]} 5. h3 {[%clk 1:18:27]} Bxf3
{[%clk 1:31:28]} 6. Bxf3 O-O-O {[%clk 1:31:31]} 7. Nc3 {[%clk 1:12:45]} e6
{[%clk 1:28:13]} 8. a3 {[%clk 1:07:09]} f5 {[%clk 1:28:13]} 9. Qd3
{[%clk 1:07:09]} Nf6 {[%clk 1:26:39]} 10. Bg5 {[%clk 0:55:39]} Be7
{[%clk 1:22:46]} 11. Bxf6 {[%clk 0:46:24]} Bxf6 {[%clk 1:21:26]} 12. e3
{[%clk 0:46:48]} e5 {[%clk 1:14:54]} 13. dxe5 {[%clk 0:47:01]} Nxe5
{[%clk 1:14:18]} 14. Qe2 {[%clk 0:36:21]} Nxf3+ {[%clk 1:11:43]} 15. Qxf3
{[%clk 0:36:35]} Bxc3+ {[%clk 1:09:27]} 16. bxc3 {[%clk 0:37:03]} Rhf8
{[%clk 1:06:33]} 17. Rb1 {[%clk 0:35:49]} Qa4 {[%clk 1:00:58]} 18. Rb3
{[%clk 0:32:19]} Qe4 {[%clk 1:00:23]} 19. Qxe4 {[%clk 0:32:45]} fxe4
{[%clk 0:51:45]} 20. Ke2 {[%clk 0:32:01]} Rf6 {[%clk 0:51:42]} 21. Rf1
{[%clk 0:31:24]} Rdf8 {[%clk 0:51:43]} 22. c4 {[%clk 0:28:48]} Rc6
{[%clk 0:42:45]} 23. Rb4 {[%clk 0:22:46]} Rxc4 {[%clk 0:41:52]} 24. Rxc4
{[%clk 0:22:32]} dxc4 {[%clk 0:42:18]} 25. Kd2 {[%clk 0:21:49]} b5
{[%clk 0:40:27]} 26. Kc3 {[%clk 0:22:09]} Kd7 {[%clk 0:36:24]} 27. Kd4
{[%clk 0:21:41]} Re8 {[%clk 0:36:49]} 28. a4 {[%clk 0:14:59]} a6 {[%clk 0:36:39]}
29. axb5 {[%clk 0:15:13]} axb5 {[%clk 0:37:06]} 30. Ra1 {[%clk 0:11:00]} Kd6
{[%clk 0:36:46]} 31. Ra6+ {[%clk 0:09:51]} c6 {[%clk 0:37:11]} 32. g4
{[%clk 0:10:19]} g5 {[%clk 0:28:26]} 33. Ra5 {[%clk 0:09:01]} Rf8
{[%clk 0:27:54]} 34. Ra7 {[%clk 0:07:44]} Rxf2 {[%clk 0:26:43]} 35. Rxh7
{[%clk 0:04:24]} c5+ {[%clk 0:22:43]} 36. Kxe4 {[%clk 0:04:46]} Rxc2
{[%clk 0:23:09]} 37. Rh6+ {[%clk 0:04:54]} Kc7 {[%clk 0:23:23]} 38. Kd5
{[%clk 0:04:18]} b4 {[%clk 0:23:41]} 39. Kxc5 {[%clk 0:01:13]} b3
{[%clk 0:23:51]} 40. Rh7+ {[%clk 0:30:35]} Kd8 {[%clk 0:54:10]} 41. Rb7
{[%clk 0:26:57]} b2 {[%clk 0:53:56]} 42. h4 {[%clk 0:27:12]} gxh4
{[%clk 0:51:05]} 43. g5 {[%clk 0:27:36]} c3 {[%clk 0:48:15]} 44. g6
{[%clk 0:27:24]} Rg2 {[%clk 0:48:32]} 45. Kd4 {[%clk 0:27:18]} Rxg6
{[%clk 0:48:45]} 46. Kxc3 {[%clk 0:27:37]} Rg2 {[%clk 0:49:12]} 47. Kd4
{[%clk 0:26:50]} h3 {[%clk 0:49:31]} 48. Ke4 {[%clk 0:27:16]} h2 {[%clk 0:49:54]}
0-1